Drahtseilbahnen
Descripción Física:
39 p. : il., fot. ; 31 cm
Materias:
Funiculars
MARC
| LEADER | 00000nam a2200000Ia 4500 | ||
|---|---|---|---|
| 001 | 23544 | ||
| 008 | 160829s9999 xx 000 0 cat d | ||
| 080 | |a RF-17-24 | ||
| 245 | |a Drahtseilbahnen | ||
| 260 | |a Luzern : |b Buchdruckerei Keller & Co. A. G., [192-?] | ||
| 300 | |a 39 p. : |b il., fot. ; |c 31 cm | ||
| 590 | |a A la portada: Aktiengesellschaft der maschinenfabrik von Theodor Bell & Cie. Kriens-Luzern (Schweiz), gegründet 1855. | ||
| 590 | |a A Prové de OPP-1714 | ||
| 650 | |a Funiculars |9 47780 | ||
| 856 | 4 | |u https://media.diba.cat/diba/fitxers/arxiu/fulletons/bib_23544_baixa.pdf |y Accés lliure | |
| 856 | 4 | |u https://media.diba.cat/diba/fitxers/arxiu/fulletons/bib_23544_baixa.pdf |y Accés lliure | |
| 901 | |a Arxiu | ||
| 942 | |n 1 |2 udc | ||
| 952 | |0 0 |1 0 |4 0 |6 RF1724 |7 1 |9 54989 |a Arxiu |b Arxiu |d 2012-08-07 |l 0 |o RF-17-24 |p 23544 |r 2016-12-01 00:00:00 |w 2016-12-01 |y ARXIU | ||
| 999 | |c 58859 |d 58859 | ||
| 900 | |a bib_23544_baixa.pdf | ||